000 00800cab a2200265 4500
001 WB3519-07
008 090401t1999 xxu||||| |||| 00| 0 eng d
035 _a(Sirsi) u93504
041 _aeng
245 _aDETR green housing plan
260 _c1999
350 _a0
490 _aContract Journal
_v398(6226) 19 May 1999, 8(1)
520 _aThe DETR has launched the SAP 80+ campaign with a promise to introduce a compulsory energy rating for all new homes by the end of the year.
650 _aENERGY EFFICIENCY
650 _aENERGY EFFICIENT HOMES
650 _aENERGY RATINGS
650 _aNEW HOUSES
650 _aSAP 80+
650 _aSAP RATING
650 _aSTANDARD ASSESSMENT PROCEDURE
690 _aBUILDING AND CONSTRUCTION-ENERGY
942 _n0
948 _c21/05/1999
999 _c59253
_d59253